Udal oru neythu: (Record no. 63738)

000 -LEADER
fixed length control field 00433nam a22001577a 4500
020 ## - INTERNATIONAL STANDARD BOOK NUMBER
ISBN 9789382654155
082 ## - DEWEY DECIMAL CLASSIFICATION NUMBER
Classification number M4
Item number USH/U
100 ## - MAIN ENTRY--AUTHOR NAME
Personal name Ushakumari G
245 ## - TITLE STATEMENT
Title Udal oru neythu:
Sub Title samskarathinte sthree vayana/
Statement of responsibility, etc by Ushakumari G
260 ## - PUBLICATION, DISTRIBUTION, ETC. (IMPRINT)
Place of publication Kottayam:
Name of publisher Sahitya Pravarthaka Sahakarana Samgham,
Year of publication 2013.
300 ## - PHYSICAL DESCRIPTION
Number of Pages 144p.
650 ## - SUBJECT ADDED ENTRY--TOPICAL TERM
Topical Term Essays Malayalam
650 ## - SUBJECT ADDED ENTRY--TOPICAL TERM
Topical Term Literature Malayalam
650 ## - SUBJECT ADDED ENTRY--TOPICAL TERM
Topical Term Literature
942 ## - ADDED ENTRY ELEMENTS (KOHA)
Koha item type Book
Holdings
Withdrawn status Lost status Damaged status Not for loan Permanent Location Current Location Shelving location Date acquired Cost, normal purchase price Full call number Accession Number Price effective from Koha item type
        Sree Sankaracharya University of Sanskrit Sree Sankaracharya University of Sanskrit Stacks 09.12.2016 100.00 M4 USH/U 082871 09.12.2016 Book